000 01536cam a22003494a 4500
001 13544014
003 OSt
005 20240715134121.0
008 040331s2004 enka b 001 0 eng
010 _a 2004049287
020 _a0198529945 (hbk.)
020 _a0198509472 (pbk.)
040 _aDLC
_cMUST
_dDLC
042 _apcc
043 _aw------
082 _a306.349 EVA 2004
100 1 _aEvans, Julian,
_d1946-
_918725
245 1 0 _aPlantation forestry in the tropics :
_bthe role, silviculture, and use of planted forests for industrial, social, environmental, and agroforestry purposes /
_cJulian Evans, John W. Turnbull.
250 _a3rd ed.
260 _aOxford ;
_aNew York :
_bOxford University Press,
_c2004.
300 _axiii, 467 p. :
_bill. ;
_c26 cm.
504 _aIncludes bibliographical references (p. 395-448) and indexes.
650 0 _aTree farms
_zTropics.
_918726
650 0 _aForests and forestry
_zTropics.
_918727
700 1 _aTurnbull, J. W.
_q(John W.)
_918728
856 4 2 _3Publisher description
_uhttp://www.loc.gov/catdir/enhancements/fy0618/2004049287-d.html
856 4 1 _3Table of contents only
_uhttp://www.loc.gov/catdir/enhancements/fy0618/2004049287-t.html
856 4 2 _3Contributor biographical information
_uhttp://www.loc.gov/catdir/enhancements/fy0725/2004049287-b.html
906 _a7
_bcbc
_corignew
_d1
_eocip
_f20
_gy-gencatlg
942 _2ddc
_cO_SHELF
999 _c9184
_d9184